Clic Noms de lieux anglais en français - Statistiques

Statistiques générales
  • Ce quiz a été pris 82 fois
  • Le résultat moyen est 11 sur 12
Statistiques - réponses
Hint Réponse % Correct
Canterbury Cantorbéry
99%
London Londres
99%
Cornwall Cornouailles
97%
Thames Tamise
97%
Alderney Aurigny
96%
Channel islands Iles anglo-normandes
96%
Dover Douvres
94%
Orkney Orcades
90%
Wales Pays-de-Galles
88%
Straits of Dover Pas-de-Calais
69%
Winchester Vicêtre
69%
English channel Manche
58%
Aucun quiz correspondant
Distribution des résultats
% des personnes avec chaque résultat
Percentile par nombre de réponses
Votre historique - résultats
Vous n’avez pas pris ce quiz